000 00305nam a22001337a 4500
003 OSt
005 20170105103446.0
008 131202t xxu||||| |||| 00| 0 eng d
020 _a978-1-4160-5885-4
040 _cASAB
245 _aDorland's Pocket Medical Dictionary
250 _a28th Ed.
942 _2ddc
_cBK
999 _c16624
_d16624